000 00355nam a2200157Ia 4500
003 Ost
005 20260225132538.0
008 260225s9999||||xx |||||||||||||| ||und||
040 _cfsic
041 _afre
082 _a659.1
100 _aGérard lagneau
_eAuteur
245 0 _aLa fin de la publicité /
245 0 _cGérard lagneau
942 _cكتاب
999 _c33343
_d33343